Analýza investovania technických rezerv poisťovne diplomová práca

Salvato in:
Dettagli Bibliografici
Autore principale: Jonis, Roman
Ente Autore: Fakulta hospodárskej informatiky EU. Katedra matematiky a aktuárstva
Altri autori: Šoltésová, Tatiana, 1975-
Natura: Libro
Lingua:slovacco
Pubblicazione: Bratislava 2018
Tags: Aggiungi Tag
Nessun Tag, puoi essere il primo ad aggiungerne!!

MARC

LEADER 00000nbm a2200000 4500
001 0243502
005 20180925080856.0
041 0 |a slo 
044 |a SK 
245 1 0 |a Analýza investovania technických rezerv poisťovne  |b diplomová práca  |c Roman Jonis ; školiteľ: Tatiana Šoltésová 
264 1 |a Bratislava  |c 2018 
300 |a 73 s. 
100 1 |a Jonis, Roman 
700 1 |a Šoltésová, Tatiana, 1975- 
710 2 |a Fakulta hospodárskej informatiky EU. Katedra matematiky a aktuárstva